| 000 | 00593nam a22002417a 4500 | ||
|---|---|---|---|
| 003 | UA-OsUOA | ||
| 001 | 92174 | ||
| 007 | ta | ||
| 008 | 20121211b un ||||| |||| 00| 0 ukr d | ||
| 100 | _aЯн В.Г. | ||
| 090 |
_a821.161.1 _bЯ60 |
||
| 942 | _cBK | ||
| 040 |
_aUA-OsUOA _brus _cUA-OsUOA _dUA-OsUOA |
||
| 245 |
_aЧингисхан _bроман |
||
| 300 | _a352 с. | ||
| 955 | _a3 | ||
| 041 | _arus | ||
| 080 | _a821.161.1 | ||
| 020 | _a-7 | ||
| 260 |
_aМ. _bПравда _c1984 |
||
| 650 | 7 |
_a82 Література. Літературознавство _2UDC |
|
| 999 |
_c378421 _d378421 |
||